Education and the significance (Record no. 974)

MARC details
000 -LEADER
fixed length control field 00781 a2200193 4500
008 - FIXED-LENGTH DATA ELEMENTS--GENERAL INFORMATION
fixed length control field 080821t xxu||||| |||| 00| 0 eng d
010 ## - LIBRARY OF CONGRESS CONTROL NUMBER
LC control number ENG-85060
020 ## - INTERNATIONAL STANDARD BOOK NUMBER
International Standard Book Number 8187326174
Terms of availability 70.00
035 ## - SYSTEM CONTROL NUMBER
System control number EN-68593
037 ## - SOURCE OF ACQUISITION
Source of stock number/acquisition D.B.Act / Pub
082 ## - DEWEY DECIMAL CLASSIFICATION NUMBER
Classification number 181.499
100 ## - MAIN ENTRY--PERSONAL NAME
Personal name Krishnamurti, J.
245 ## - TITLE STATEMENT
Title Education and the significance
Statement of responsibility, etc by J. Krishnamurti
260 ## - PUBLICATION, DISTRIBUTION, ETC. (IMPRINT)
Place of publication, distribution, etc Chennai
Name of publisher, distributor, etc Krishnamurti Foundation
Date of publication, distribution, etc 2005
270 ## - ADDRESS
Address Vasanta Vihar, 124, Greenways Road,
City Chennai
State or province Tamil Nadu
Postal code 600028
Electronic mail address publications@kfionline.org
300 ## - PHYSICAL DESCRIPTION
Extent 164 p.
Dimensions 22 cm. (Pbk)
942 ## - ADDED ENTRY ELEMENTS (KOHA)
Institution code [OBSOLETE] dpl
Koha item type English Books
Call number prefix 181.499 / KRI
Source of classification or shelving scheme Dewey Decimal Classification
Classification part 181.499
Call number suffix KRI
Holdings
Withdrawn status Lost status Damaged status Not for loan Home library Current library Date acquired Cost, normal purchase price Total Checkouts Full call number Barcode Date last seen Copy number Uniform Resource Identifier Cost, replacement price Price effective from Koha item type
        D.B.Act.Division D.B.Act.Division 21/08/2008 20.00   181.499 KRI EN-68593 15/09/2008 1 1038 20.00 15/09/2008 English Books

© Delhi Public Library
Hit Counter
free hit counter